Manual de la sucesión por causa de muerte y donaciones entre vivos

Furkejuvvon:
Bibliográfalaš dieđut
Váldodahkki: Meza Barros, Ramón (autor)
Materiálatiipa: Girji
Giella:espánnjágiella
Almmustuhtton: Santiago Jurídica de Chile 1996
Preanttus:7a. ed
Ráidu:Manuales Jurídicos, 51
Fáttát:
Fáddágilkorat: Lasit fáddágilkoriid
Eai fáddágilkorat, Lasit vuosttaš fáddágilkora!

MARC

LEADER 00000nam a2200000 a 4500
001 UCT5872
003 CL-VaPUC
008 961223e19960000CL |||||||||||||||||spa|d
082 0 4 |a 346.052  |b MEZ  |2 21 
100 |a Meza Barros, Ramón  |e autor  |9 764188 
245 1 0 |a Manual de la sucesión por causa de muerte y donaciones entre vivos 
250 |a 7a. ed 
300 |a 569 p 
942 |c BK 
945 |d 19961223 00:00:00  |a nastorga 
260 |a Santiago  |b Jurídica de Chile  |c 1996 
650 0 |a Derecho sucesorio  |9 255015 
650 0 |a Herencia  |9 256325 
650 0 |a Testamento  |9 258220 
650 0 |a Herederos  |9 357054 
650 0 |a Muerte  |9 265114 
650 0 |a Donaciones  |9 371911 
651 7 |a CHILE  |2 CL-VaPUC  |9 375474 
583 |a last modification  |c 19961223 00:00:00  |k Rodrigo Vera 
490 0 |a Manuales Jurídicos, 51 
999 |c 254661  |d 254659 
952 |0 0  |1 0  |4 0  |6 346_052000000000000_MEZ_1996  |7 0  |8 A  |9 276497  |a BIBDER  |b BIBDER  |d 2019-11-19  |i 3263517  |o 346.052 MEZ 1996  |p 3263517  |r 2023-01-25  |w 2019-11-19  |y BK  |k DER 
952 |0 0  |1 0  |4 0  |6 346_052000000000000_MEZ_1996  |7 0  |8 A  |9 276498  |a BIBDER  |b BIBDER  |d 2019-11-19  |i 3285170  |o 346.052 MEZ 1996  |p 3285170  |r 2023-01-25  |w 2019-11-19  |y BK  |k DER